000 00380nam a2200157Ia 4500
008 230524s9999 xx 000 0 und d
082 _a5
_bSCO
100 _aMichael L.Scott
245 0 _aProgramming Language Pragmatics
250 _a1ST
260 _aNEW DELHI
_bHarcourt Asia
_c2002
300 _aXV;827
500 _aQuantity Number: 2
650 _aComp-Sc
942 _cBK
999 _c36621
_d36621